000
00244nam a2200097Ia 4500
001
725416
005
20250826163409.0
008
250824s9999 xx 000 0 und d
245
0
_a
BOĞA ADAM TORGOR
_c
ADAM BLADE
260
_b
BEYAZ BALİNA YAYINLARI
999
_c
725416
_d
725416